000 00430nam a2200181Ia 4500
008 230711s9999||||xx |||||||||||||| ||und||
020 _a978-93-83525-81-2
041 _aENG
082 _a658.57
_bKO-R
100 _aKokare,Chandrakant
245 0 _aResearch Methodology
250 _a3rd Ed.
260 _c2016
_aPune
_bNirali Prakashan
300 _a17.14p.
650 _aPharmacy
700 _aKokare,Shrikant
942 _cBK
999 _c7305
_d7305